Normal view
MARC view
- الرياضيات - الاحصاء - الاحتمالات
Entry Topical Term
001 - CONTROL NUMBER
- control field: 57646
003 - CONTROL NUMBER IDENTIFIER
- control field: JO-AjAnu
005 - DATE AND TIME OF LATEST TRANSACTION
- control field: 20230606083434.0
008 - FIXED-LENGTH DATA ELEMENTS
- fixed length control field: 230606|| aca||aabn | a|a d
040 ## - CATALOGING SOURCE
- Original cataloging agency: JO-AjAnu
- Transcribing agency: JO-AjAnu
150 ## - HEADING--TOPICAL TERM
- Topical term or geographic name entry element: الرياضيات - الاحصاء - الاحتمالات
670 ## - SOURCE DATA FOUND
- Source citation: Work cat.: (JO-AjAnu)29413: اعدتد البدري، نعيم عجيمي؛ اشراف احمد حسن القضاة, author 57645, مدى توافق محتوى الاحصاء والاحتمالات في كتب الرياضيات للمرحلة الاعدادية في العراق مع المعايير العالمية = The Extent of congruency of statisties and probability content of mathematics textbooks for the preparatory stage in irag with interntional standards NCTM